International trade : an essential guide to the principle and practice of export.
| Main Author: | |
|---|---|
| Other Authors: | |
| Format: | Book |
| Published: |
London:
Kogan Page,
2011.
|
| Subjects: |
| LEADER | 00500cam a2200169 7i4500 | ||
|---|---|---|---|
| 001 | 0000028402 | ||
| 005 | 20130311090000.0 | ||
| 020 | 0 | 0 | |a 9780749462376 |
| 090 | 0 | 0 | |a I 382 |b REU |
| 100 | 1 | 0 | |a Reuvid |
| 245 | 1 | 0 | |a International trade : |b an essential guide to the principle and practice of export. |
| 260 | 0 | 0 | |a London: |b Kogan Page, |c 2011. |
| 300 | # | # | |a 389 p. |
| 650 | 0 | 0 | |a Export marketing |
| 650 | 0 | 0 | |a International trade |
| 700 | 1 | 0 | |a Sherlock, Jim |
| 999 | |a B000031912 |b Book |c Book |e Business Information Centre | ||


